Quizzes
Events
Quiz Creation
Community
Videos
Private Events
Remove Ads
Sign In
Join for FREE
Feedback
Dark Mode
Quiz Categories
Sports
Geography
Music
Movies
Television
Just For Fun
Miscellaneous
History
Literature
Language
Science
Gaming
Entertainment
Religion
Holiday
For Kids
Quiz Lab
Recent
Popular Today
Quiz Kudos Today
Editor Picks
Curator Picks
Quizzes by...
Day
Popularity
Type
Ratings
Length
Year
Community
Subscriptions
Recent Discussions
Orange Saloon
Badges
Playlists
Quests
Create
Leaderboards
Showdown
Live 5
Trivia Bingo
Activity
Puzzle Library
Sporcle Events
Private Events
Virtual Trivia
Globe League
Become a Host
Pub Owners
SporcleCon
Opinionation
Our Games
Videos
Blog
Mobile Apps
Partnerships
Remove Ads and Go Orange
Feedback
History
US Presidents
World Leaders
Politics
Nation
Discovery
War
Decade
Year
Century
Biography
Art
History
US Presidents
World Leaders
Politics
Nation
Discovery
War
Decade
Year
Century
Biography
Art
Random Quiz
Search Sporcle
×
Quiz Lab
Quiz Lab
History
Party
Type in answers that appear in a list
Type in answers that appear in a list
Classic
Best Score? Go Orange.
115th House of Representatives Part I Stats
Can you name the members 115th House of Representatives Part I
By
byelin
20m
150 Questions
476 Plays
476 Plays
476 Plays
Comments
Comments
Give Quiz Kudos
Give Quiz Kudos
-
- Ratings
hide this ad
Replay
Link that replays current quiz
Next Quiz
Link to next quiz in quiz playlist
You Got
0%
They Got
Avg Score
44%
Avg Friend Score
Upgrade to see
Score Distribution
Jump to the score distribution portion of the page
Score
0/150
Timer
20:00
0
Plays Today
District
Representative
% Correct
CA-
12
Nancy Pelosi
79.4%
AK-
AL
Don Young
70.4%
CA-
49
Darrell Issa
68.7%
AL-
7
Terri Sewell
68.5%
GA-
5
John Lewis
65.3%
AL-
5
Mo Brooks
65.1%
AZ-
2
Martha McSally
63.9%
CA-
23
Kevin McCarthy
63.9%
CA-
13
Barbara Lee
63.4%
AZ-
9
Kyrsten Sinema
63%
AL-
2
Martha Roby
62.8%
CA-
22
Devin Nunes
61.1%
GA-
4
Hank Johnson
60.1%
HI-
2
Tulsi Gabbard
59.9%
CA-
28
Adam Schiff
59.7%
CA-
43
Maxine Waters
59%
AZ-
3
Raul Grijalva
58.6%
GA-
6
Karen Handel
57.6%
AL-
1
Bradley Byrne
57.4%
CA-
53
Susan Davis
56.7%
CA-
33
Ted Lieu
56.5%
IL-
7
Danny Davis
56.5%
IL-
13
Rodney Davis
55.9%
AZ-
1
Tom O'Halleran
55%
AR-
2
French Hill
55%
CA-
48
Dana Rohrabacher
55%
CA-
50
Duncan Hunter
55%
ID-
1
Raul Labrador
55%
CA-
45
Mimi Walters
54.6%
AZ-
7
Ruben Gallego
54.4%
AZ-
4
Paul Gosar
53.8%
CA-
1
Doug LaMalfa
52.1%
AL-
3
Mike Rogers
51.1%
CA-
38
Linda Sanchez
51.1%
FL-
13
Charlie Crist
51.1%
CA-
6
Doris Matsui
50.4%
CA-
27
Judy Chu
50.4%
AR-
3
Steve Womack
50.2%
CA-
4
Tom McClintock
49.4%
AZ-
6
David Schweikert
49.2%
FL-
23
Debbie Wasserman-Schultz
48.9%
AL-
4
Robert Aderholt
48.7%
FL-
26
Carlos Curbelo
48.7%
AL-
6
Gary Palmer
48.5%
CA-
15
Eric Swalwell
48.5%
FL-
27
Ileana Ros-Lehtinen
48.5%
CO-
2
Jared Polis
48.1%
AZ-
8
Debbie Lesko
47.7%
CO-
6
Mike Coffman
47.1%
CA-
7
Ami Bera
46.8%
District
Representative
% Correct
CA-
21
David Valadao
46.8%
CA-
10
Jeff Denham
46.6%
CA-
17
Ro Khanna
46.6%
HI-
1
Colleen Hanabusa
46.6%
CA-
5
Mike Thompson
46.4%
CA-
25
Steve Knight
46.4%
GA-
13
David Scott
46.4%
GA-
8
Austin Scott
46.2%
FL-
3
Ted Yoho
46%
CA-
14
Jackie Speier
45.8%
FL-
7
Stephanie Murphy
45.8%
CA-
39
Ed Royce
45.4%
CA-
52
Scott Peters
45.4%
CA-
2
Jared Huffman
45.2%
CO-
4
Ken Buck
44.5%
IL-
1
Bobby Rush
44.5%
AZ-
5
Andy Biggs
44.1%
CA-
3
John Garamendi
44.1%
CA-
8
Paul Cook
44.1%
CT-
5
Elizabeth Esty
43.7%
CA-
19
Zoe Lofgren
43.3%
CA-
36
Raul Ruiz
43.3%
AR-
4
Bruce Westerman
43.1%
FL-
1
Matt Gaetz
43.1%
GA-
2
Sanford Bishop
43.1%
CA-
32
Grace Napolitano
42.9%
CT-
3
Rosa DeLauro
42.6%
DE-
AL
Lisa Rochester
42.6%
ID-
2
Mike Simpson
42.6%
IL-
4
Luis Gutierrez
42.4%
CA-
34
Jimmy Gomez
42.4%
CA-
18
Anna Eshoo
42.2%
IL-
5
Mike Quigley
42.2%
IL-
3
Dan Lipinski
42%
AR-
1
Rick Crawford
41.8%
CA-
30
Brad Sherman
41.8%
IL-
6
Peter Roskam
41.8%
FL-
24
Frederica Wilson
41.6%
CT-
4
Jim Himes
40.5%
CA-
20
Jimmy Panetta
40.3%
CT-
1
John Larson
40.3%
CO-
1
Diane DeGette
40.1%
FL-
6
Ron DeSantis
40.1%
FL-
25
Mario Diaz-Balart
40.1%
IL-
17
Cheri Bustos
40.1%
CO-
7
Ed Perlmutter
39.9%
GA-
1
Earl 'Buddy' Carter
39.9%
IL-
16
Adam Kinzinger
39.9%
CA-
41
Mark Takano
39.7%
CA-
24
Salud Carbajal
39.5%
District
Representative
% Correct
IL-
10
Brad Schneider
39.5%
FL-
19
Francis Rooney
39.1%
FL-
17
Tom Rooney
38.9%
CA-
11
Mark DeSaulnier
38.7%
CA-
16
Jim Costa
38.7%
CT-
2
Joe Courtney
38%
FL-
18
Brian Mast
38%
CO-
3
Scott Tipton
37.6%
FL-
20
Alcee Hastings
37.6%
IL-
2
Robyn Kelly
37.4%
CA-
9
Jerry McNerney
37.2%
IL-
12
Mike Bost
36.8%
CA-
26
Julia Brownley
36.1%
FL-
5
Al Lawson
36.1%
FL-
2
Neal Dunn
35.9%
IL-
9
Jan Schakowsky
35.9%
GA-
9
Doug Collins
35.5%
CA-
29
Tony Cardenas
35.3%
CA-
42
Ken Calvert
35.3%
CA-
37
Karen Bass
35.1%
IL-
18
Darin LaHood
35.1%
CA-
51
Juan Vargas
34.9%
FL-
10
Val Demings
34.9%
IL-
8
Raja Krishnamoorthi
34.9%
CO-
5
Doug Lamborn
34.7%
CA-
31
Pete Aguilar
33.8%
CA-
35
Norma Torres
33.6%
CA-
47
Alan Lowenthal
33%
FL-
21
Ted Deutch
33%
IL-
15
John Shimkus
33%
CA-
40
Lucille Roybal-Allard
32.6%
CA-
44
Nanette Barragan
32.6%
FL-
11
Dan Webster
32.4%
FL-
22
Lois Frankel
32.4%
FL-
16
Vern Buchanan
32.1%
GA-
12
Rick Allen
31.9%
IL-
11
Bill Foster
31.5%
IL-
14
Randy Hultgren
31.5%
FL-
4
John Rutherford
31.3%
FL-
9
Darren Soto
31.3%
CA-
46
Lou Correa
31.1%
FL-
14
Kathy Castor
30.9%
GA-
11
Barry Loudermilk
30.9%
GA-
14
Tom Graves
30.9%
FL-
15
Dennis Ross
30.7%
GA-
10
Jody Hice
29.6%
GA-
7
Rob Woodall
28.4%
FL-
12
Gus Bilirakis
27.3%
FL-
8
Bill Posey
25.8%
GA-
3
Drew Ferguson
25.2%
Quiz Playlist
Details
Report
Send in Message
Add To Playlist
Classic:
Type in answers that appear in a list
Last Updated: May 8, 2018
Quiz Scoreboard
CHALLENGE
Sign Up to Join the Scoreboard
Show All
Scores
Hide
Comments
May contain spoilers
Recently Published
Movies - When Are They Set?
by FPL_Elf
Movies
5m
Popular People in 1961
by mucciniale
History
6m
1-10 Letter E Words III
by El_Dandy
Language
2m
More to Explore
Quiz From the Vault
Featured Blog Post
Where Did the Easter Bunny Come From?
hide this ad
You Might Also Like...
Tags
district
house
Party
Representative
Today's Top Quizzes in History
Browse History
hide this ad
Today's Top Quizzes in Party
Browse Party
Top Contributed Quizzes in History
1
Popular People in 1991
2
Popular People in 1981
3
Popular People in 1951
4
Popular People in 1941
5
Popular People in 1986
6
Popular People in 1976
7
Popular People in 1921
8
I Am Born On March 28th
9
Popular People in 1946
10
Popular People in 1936
Explore More
Trending Topics
Kpop
Marvel
Crossword
NBA
Anime
Harry Potter
Disney
Country
Puzzle
WWE
NFL
Pokémon
The Office
Song
Soccer
hide this ad
More By:
byelin
Quiz
Plays
Rating
Category
Featured
Created
115th House of Representatives Part II
275
History
Nov 12, 2016
2021 MLB Opening Day Lineups - Updated 4/6
6,703
3.75
Sports
Apr 2, 2021
2019 MLB Opening Day Lineups
3,163
3.50
Sports
Mar 28, 2019
2018 MLB Opening Day Lineups
3,086
4.80
Sports
Mar 30, 2018
2022 MLB Opening Day Lineups
1,679
4.60
Sports
Apr 8, 2022
116th United States Senate
969
History
Nov 28, 2018
Go to Creator's Profile
Score Distribution
Quiz Creator Spotlight
byelin
Follow
Send a Message
Quizzes Created
-
Created Quiz Play Count
-
More By This Creator
Popular Quizzes Today
1
Find the Countries of Europe - No Outlines Minefield
2
Find the US States - No Outlines Minefield
3
The Countries of the World
4
Popular People in 1961
5
1-10 Letter E Words III
6
US States
7
Find the US States
8
One Thing in Common: World Cities II
More History Quizzes
On This Day: November 27th II
Published
Trending Quizzes
Risky Map Clicking: Least Populous States A-Z
Humor Books: The Subtitles
1-10 Letter F Words
1-10 Letter G Words
One Thing in Common: United Kingdom
Recently Updated
Leaping Animals
pecheneg
Reality TV Shows (A-Z)
bhenderson79
Rickey Henderson's Hall of Fame Teammates
pecheneg
Champions League XIs: Arsenal
pecheneg
Quick Pick: Celebrities in WWE's Hall of Fame
aduchscher
A-Z Keypad Blitz II
pecheneg
Multiple Oscar Actors
pecheneg
Mystery Phrase Blitz: Oscar 'Best Actors'
pecheneg
F. Scott Fitzgerald Novels
LTH
Pick 3 Villains
ddd62291
Trending Topics
Crossword
Kpop
Harry Potter
Disney
NBA
Marvel
Anime
Soccer
Song
Pokémon
Puzzle
NFL
Country
The Office
WWE
Your Account Isn't Verified!
In order to create a playlist on Sporcle, you need to verify the email address you used during registration. Go to your
Sporcle Settings
to finish the process.
Report this User
Report this user for behavior that violates our
Community Guidelines
.
Details:
Send Report
Go to the Sporcle.com Mobile Site →
Comments